000 00464nam a2200169Ia 4500
003 STCL
008 181203s9999 xx 000 0 und d
020 _a8123014589
040 _aSTCL
_bEN
_cSTCL
082 _222
100 _aJoshi, Naveen, Ed.
245 4 _aThe Charkha and the Rose
260 _bPublications Division, Ministry of Information and Broadcasting, Government of India
_aNew Delhi
_c2007
300 _a147
546 _aEnglish
942 _2ddc
_cBK
999 _c84743
_d84743